Skvalitňovanie paliva z biomasy

Bibliographic Details
Main Authors: Piszczalka, Jan, 1948- (Author), Maga, Juraj, 1958- (Author)
Format: Book
Language:Slovak
PhysicalDescription:[12] s. fotogr. 21 cm
Published: [Nitra Slovenská poľnohospodárska univerzita 2010]
ISBN:9788055205045
Edition:[1. vyd.]
Subjects:

MARC

LEADER 00000nam a22000005a 4500
001 vtls010276074
003 SK-MaSNL
005 20260301031728.0
008 240315s2010 xo o f f 000 0 slo
015 |a SNBE2013 
020 |a 9788055205045  |q (brož.) 
040 |a SNK  |b slo  |c SNK  |e AACR2 
041 0 |a slo 
043 |a e-xo---  |a e-hu--- 
044 |a xo  |c SK 
072 7 |a 620.9  |x Energetika  |2 konspekt 
080 |a 620.95  |2 2001 
080 |a 662.756+662.767  |2 2001 
080 |a 316.4.063.3  |2 2001 
080 |a (437.6)  |2 2001 
080 |a (439)  |2 2001 
080 |a (036)  |2 2001 
100 1 |a Piszczalka, Jan,  |d 1948-  |4 aut  |9 86554 
245 1 0 |a Skvalitňovanie paliva z biomasy  |c Jan Piszczalka, Juraj Maga 
250 |a [1. vyd.] 
260 |a [Nitra  |b Slovenská poľnohospodárska univerzita  |c 2010] 
300 |a [12] s.  |b fotogr.  |c 21 cm 
366 |e 400 výt. 
500 |a Názov z obalu 
500 |a Program cezhraničnej spolupráce Maďarská republika-Slovenská republika 2007-2013 
504 |a Bibliografia 
650 0 7 |a fytoenergetika  |2 SNKPH  |9 3509 
650 0 7 |a biomasa  |2 SNKPH  |9 4197 
650 0 7 |a biopalivá  |2 SNKPH  |9 20474 
650 0 7 |a cezhraničná spolupráca  |2 SNKPH  |9 4908 
650 0 7 |a Biomass energy  |2 SNKPHeng  |9 327717 
650 0 7 |a Biomass  |2 SNKPHeng  |9 315958 
650 0 7 |a Biofuels  |2 SNKPHeng  |9 327718 
650 0 7 |a Transborder cooperation  |z Slovakia  |2 SNKPHeng  |9 319839 
650 0 7 |a Transborder cooperation  |z Hungary  |2 SNKPHeng  |9 327716 
655 7 |a informačné publikácie  |2 SNKPH  |9 70181 
655 7 |a Information publications  |2 SNKPHeng  |9 265188 
700 1 |a Maga, Juraj,  |d 1958-  |4 aut  |9 10285 
919 |a 978-80-552-0504-5 
958 |a HU 
958 |a NB 
999 |c 577212  |d 579142 
952 |a SNK  |b SNK  |y PREZ  |7 0  |p 17A0696126  |o snkOSC 25526  |i snk2011/10280  |8 0  |0 0  |1 0  |4 0  |d 2011-05-05  |l 0  |r 2026-02-23 14:37:37  |w 2026-02-23 
952 |a SNK  |b SNK  |y VYP  |7 0  |p 17A0696127  |o snkOSC 25526 D1  |i snk2011/10282  |8 0  |0 0  |1 0  |4 0  |d 2011-05-05  |l 0  |r 2026-02-23 14:37:38  |w 2026-02-23